Lễ Hội Đình Khêng
Quyển sách là một trong những ấn phẩm của hội dân gian Việt Nam đã sưu tầm và nghiên cứu về những giá trị truyền thống của các dân tộc Việt Nam. Nội dung gồm có 2 phần: phần 1: Đôi nét về vị trí địa lý, lịch sử, tín ngưỡng, phong tụ...
Gespeichert in:
| 1. Verfasser: | |
|---|---|
| Format: | Buch |
| Sprache: | Undetermined |
| Veröffentlicht: |
Hà Nội
Thời Đại
2011
|
| Schlagworte: | |
| Tags: |
Tag hinzufügen
Keine Tags, Fügen Sie den ersten Tag hinzu!
|
| Thư viện lưu trữ: | Trung tâm Học liệu Trường Đại học Cần Thơ |
|---|
| LEADER | 01037nam a2200205Ia 4500 | ||
|---|---|---|---|
| 001 | CTU_173571 | ||
| 008 | 210402s9999 xx 000 0 und d | ||
| 082 | |a 394.269597 | ||
| 082 | |b V431 | ||
| 100 | |a Bùi, Huy Vọng | ||
| 245 | 0 | |a Lễ Hội Đình Khêng | |
| 245 | 0 | |c Bùi Huy Vọng | |
| 260 | |a Hà Nội | ||
| 260 | |b Thời Đại | ||
| 260 | |c 2011 | ||
| 520 | |a Quyển sách là một trong những ấn phẩm của hội dân gian Việt Nam đã sưu tầm và nghiên cứu về những giá trị truyền thống của các dân tộc Việt Nam. Nội dung gồm có 2 phần: phần 1: Đôi nét về vị trí địa lý, lịch sử, tín ngưỡng, phong tục ở Mường Khêng, phần 2: Khụ Khêng - lễ hội đình Khêng. | ||
| 650 | |a Manners and customs,Festivals,Lễ hội | ||
| 650 | |z Vietnam,Vietnam,Việt Nam | ||
| 904 | |i Tuyến | ||
| 980 | |a Trung tâm Học liệu Trường Đại học Cần Thơ | ||